Normal view
MARC view
- Sufism -- Early Works To 1800
Entry Topical Term
001 - CONTROL NUMBER
- control field: 37404
003 - CONTROL NUMBER IDENTIFIER
- control field: NUST
005 - DATE AND TIME OF LATEST TRANSACTION
- control field: 20210314130254.0
008 - FIXED-LENGTH DATA ELEMENTS
- fixed length control field: 210314|| aca||aabn | a|a d
040 ## - CATALOGING SOURCE
- Original cataloging agency: NUST
- Transcribing agency: NUST
150 ## - HEADING--TOPICAL TERM
- Topical term or geographic name entry element: Sufism -- Early Works To 1800
670 ## - SOURCE DATA FOUND
- Source citation: Work cat.: (NUST): Ibn Ata Ullah 37403, Sufi aphorisms, 1973
